Currency used in Oceania - Sudden Death - Statistics

General Stats
  • This quiz has been taken 204 times
  • The average score is 3 of 6
Answers on the Grid
Answers color-coded by a green-red scale on the quiz's grid according to % correct below.
Dollar
Tala
Vatu
Kina
Paʻanga
Ouguiya
Rouble
Gourde
Forint
Baht
Kip
Denar
Peso
Rupee
Som
Franc
 
Answer Stats
Answer % Correct
Dollar
92%
Vatu
67%
Paʻanga
58%
Tala
48%
Kina
42%
Franc
35%
No matching quizzes found
Score Distribution
Percent of People with Each Score
Percentile by Number Answered
Your Score History
You have not taken this quiz